| 000 | 00968nam a22003131i 4500 | ||
|---|---|---|---|
| 005 | 20200708144802.0 | ||
| 008 | 200708s2018 ii e 00| f tam d | ||
| 020 |
_cRM 39.20 _qpaperback |
||
| 040 |
_aPPAK _beng _cPPAK _erda |
||
| 082 | 0 | 4 |
_223 _a894.811372 |
| 090 | 0 | 0 |
_a894.811372 _bSRI _dG |
| 100 | 0 |
_6880-01 _aSrī _eauthor. |
|
| 242 |
_aWahai Kekasihku _ymay |
||
| 245 | 1 | 0 |
_6880-02 _aAn̲pin̲ al̲akē / _cSrī |
| 250 |
_6880-03 _aMutal patippu |
||
| 264 | 1 |
_aCennai, India : _bĀlayam Patippakam, _c2018 |
|
| 300 |
_a252 pages ; _c18 cm. |
||
| 336 |
_2rdacontent _atext |
||
| 337 |
_2rdamedia _aunmediated |
||
| 338 |
_2rdacarrier _avolume |
||
| 500 | _anovel. | ||
| 546 | _aIn Tamil. | ||
| 650 | 1 | 0 | _aTamil fiction. |
| 650 | 2 | 0 | _aSociety in literature. |
| 880 | 0 |
_6100-01 _aஸ்ரீ _eauthor. |
|
| 880 | 1 | 0 |
_6245-02 _aஅன்பின் அழகே / _cஸ்ரீ |
| 880 |
_6250-03 _aமுதல் பதிப்பு |
||
| 942 |
_2ddc _cB |
||
| 999 |
_c178069 _d178069 |
||